A critical guide to management training media / (Record no. 7935)
[ view plain ]
| 000 -LEADER | |
|---|---|
| fixed length control field | 00691cam a2200181 a 4500 |
| 020 ## - INTERNATIONAL STANDARD BOOK NUMBER | |
| ISBN | 0875847684 (pbk. : alk. paper) |
| 050 00 - CALL NUMBER | |
| Classification number | HD30.412 |
| Item number | .C745 |
| 245 02 - TITLE | |
| Title | A critical guide to management training media / |
| Statement of responsibility, etc | edited by William Ellet. |
| 260 ## - PUBLICATION INFORMATION | |
| Place of publication | Boston, Mass. : |
| Name of publisher | Harvard Business School Pub., |
| Year of publication | c1997. |
| 300 ## - DESCRIPTION | |
| Number of Pages | xxx, 535 p. ; |
| Dimensions | 23 cm. |
| 500 ## - NOTES | |
| General note | Includes index. |
| 650 #0 - SUBJECTS | |
| Topical Term | Management |
| General subdivision | Study and teaching |
| -- | Audio-visual aids |
| -- | Evaluation. |
| 650 #0 - SUBJECTS | |
| Topical Term | Management |
| General subdivision | Study and teaching |
| -- | Interactive multimedia |
| -- | Evaluation. |
| 650 #0 - SUBJECTS | |
| Topical Term | Management |
| General subdivision | Study and teaching |
| -- | Evaluation. |
| 650 #0 - SUBJECTS | |
| Topical Term | Executives |
| General subdivision | Training of |
| -- | Evaluation. |
| 700 1# - OTHER AUTHORS | |
| Personal name | Ellet, William. |
| 942 ## - ADDED ENTRY ELEMENTS (KOHA) | |
| Koha item type | Books |
| Withdrawn status | Lost status | Home library | Current library | Date acquired | Full call number | Accession Number | Koha item type |
|---|---|---|---|---|---|---|---|
| Methodist University Library Wenchi Faculty | Methodist University Library Wenchi Faculty | 19/10/2021 | HD30.412 .C745 | 10923 | Books |